La competitividad de América Latina en el comercio de servicios basados en el conocimiento /
שמור ב:
| מחבר ראשי: | |
|---|---|
| מחברים אחרים: | , |
| פורמט: | Texto |
| תגים: |
הוספת תג
אין תגיות, היה/י הראשונ/ה לתייג את הרשומה!
|
MARC
| LEADER | 00000 a a2200000 04500 | ||
|---|---|---|---|
| 001 | 47535 | ||
| 003 | |||
| 040 | |||
| 100 | |a López, Andrés | ||
| 245 | |a La competitividad de América Latina en el comercio de servicios basados en el conocimiento / |c Andrés López, Andrés Niembro, Daniela Ramos | ||
| 700 | |a Niembro, Andrés | ||
| 700 | |a Ramos, Daniela | ||
| 773 | |g número113, (2014), páginas 23-41 : tablas, gráficos | ||
| 999 | |c 34268 |d 34268 | ||
